<?xml version="1.0" encoding="UTF-8"?>
<record
    xmlns:xsi="http://www.w3.org/2001/XMLSchema-instance"
    xsi:schemaLocation="http://www.loc.gov/MARC21/slim http://www.loc.gov/standards/marcxml/schema/MARC21slim.xsd"
    xmlns="http://www.loc.gov/MARC21/slim">

  <leader>00381nam a22001217a 4500</leader>
  <datafield tag="082" ind1=" " ind2=" ">
    <subfield code="a">070.442</subfield>
    <subfield code="b">TAR</subfield>
    <subfield code="c">L-NUST-01, P-50</subfield>
  </datafield>
  <datafield tag="100" ind1=" " ind2=" ">
    <subfield code="a">Mustansir Hussain Tarar</subfield>
    <subfield code="9">46997</subfield>
  </datafield>
  <datafield tag="245" ind1=" " ind2=" ">
    <subfield code="a">&#x627;&#x644;&#x648;&#x651; &#x6C1;&#x645;&#x627;&#x631;&#x6D2; &#x628;&#x6BE;&#x627;&#x626;&#x6CC;  &#x6C1;&#x6CC;&#x6BA;</subfield>
    <subfield code="c">Mustansir Hussain Tarar</subfield>
  </datafield>
  <datafield tag="260" ind1=" " ind2=" ">
    <subfield code="a">Lahore.</subfield>
    <subfield code="b">sang mail publisers</subfield>
    <subfield code="c">c1997.</subfield>
  </datafield>
  <datafield tag="526" ind1=" " ind2=" ">
    <subfield code="a">0</subfield>
    <subfield code="b">0</subfield>
    <subfield code="c">0</subfield>
    <subfield code="d">070_442000000000000_TAR</subfield>
  </datafield>
  <datafield tag="650" ind1=" " ind2=" ">
    <subfield code="a">MCE</subfield>
    <subfield code="9">379</subfield>
  </datafield>
  <datafield tag="942" ind1=" " ind2=" ">
    <subfield code="2">ddc</subfield>
    <subfield code="c">BK</subfield>
  </datafield>
  <datafield tag="999" ind1=" " ind2=" ">
    <subfield code="c">550305</subfield>
    <subfield code="d">550305</subfield>
  </datafield>
  <datafield tag="952" ind1=" " ind2=" ">
    <subfield code="0">0</subfield>
    <subfield code="1">0</subfield>
    <subfield code="2">ddc</subfield>
    <subfield code="4">0</subfield>
    <subfield code="7">0</subfield>
    <subfield code="a">MCE</subfield>
    <subfield code="b">MCE</subfield>
    <subfield code="d">2014-10-30</subfield>
    <subfield code="l">2</subfield>
    <subfield code="o">070.442 TAR</subfield>
    <subfield code="p">MCE-44713</subfield>
    <subfield code="r">2017-04-12</subfield>
    <subfield code="s">2017-03-14</subfield>
    <subfield code="w">2014-10-30</subfield>
    <subfield code="y">BK</subfield>
  </datafield>
</record>
